|
|
|
|
| LEADER |
00000nab#a22000007a#4500 |
| 001 |
arbauad040826 |
| 003 |
AR-BaUAD |
| 005 |
20250711113212.0 |
| 008 |
991012|||||||||###||||||b###|0###a|spa|| |
| 040 |
|
|
|a AR-BaUAD
|c AR-BaUAD
|b spa
|
| 100 |
|
|
|a Talpaert, Béatrice
|
| 245 |
|
|
|a Bijoux :
|b passion, puissance et perfection /
|c Béatrice Talpaert;
|
| 300 |
0 |
|
|b p.
|
| 653 |
|
|
|a FRANCIA
|
| 653 |
|
|
|a PARIS
|
| 653 |
|
|
|a BIJOUTERIE
|
| 653 |
|
|
|a JOYAS
|
| 653 |
|
|
|a PIEDRAS PRECIOSAS
|
| 653 |
|
|
|a HISTORIA
|
| 653 |
|
|
|a ACCESORIOS
|
| 653 |
|
|
|a INDUMENTARIA FEMENINA
|
| 773 |
0 |
|
|t L'OEIL
|g no. 477 [dic. 1995]
|
| 942 |
|
|
|c ARTI
|
| 952 |
|
|
|0 0
|1 0
|4 0
|7 0
|9 85745
|a AR-BAuAD
|b AR-BAuAD
|d 2025-07-11
|l 0
|p AAQA040826
|r 2025-07-11 11:32:12
|w 2025-07-11
|y ARTI
|
| 990 |
|
|
|a DT199
|b TD
|
| 998 |
|
|
|a AAQ
|b BIBUN76
|
| 999 |
|
|
|c 65418
|d 65418
|